Normal view
MARC view
- Irrigation Schedules/ Soilless Culture/ Salad Cucumber/ Drip Irrigation
Entry Topical Term
001 - CONTROL NUMBER
- control field: 3495
003 - CONTROL NUMBER IDENTIFIER
- control field: OSt
005 - DATE AND TIME OF LATEST TRANSACTION
- control field: 20181001121402.0
008 - FIXED-LENGTH DATA ELEMENTS
- fixed length control field: 181001|| aca||aabn | a|a d
040 ## - CATALOGING SOURCE
- Original cataloging agency: OSt
- Transcribing agency: OSt
150 ## - HEADING--TOPICAL TERM
- Topical term or geographic name as entry element: Irrigation Schedules/ Soilless Culture/ Salad Cucumber/ Drip Irrigation
670 ## - SOURCE DATA FOUND
- Source citation: Work cat.: (OSt)14759: SABEENA SHAHUL 3467, Studies on the Effect of Alternate Growing Systems and Irrigation Schedules for Soilless Culture of Salad Cucumber
